000 00627cab a2200205 4500
001 WB3209-50
008 090401t1996 xxu||||| |||| 00| 0 eng d
035 _a(Sirsi) u40386
041 _aeng
245 _aProperty litigation lawyers link up
260 _c1996
350 _a0
490 _aProperty Journal
_v21(1) February 1996, 19(1)
520 _aLists aims of the Property Litigation Association, with details of how to join.
650 _aPROPERTY LITIGATION ASSOCIATION
650 _aPROPERTY LITIGATION
690 _aMANAGEMENT-BUSINESS MANAGEMENT-PROFESSIONAL PRACTICE
942 _n0
948 _c04/03/1997
999 _c25882
_d25882